Fundamentals of the theory of operator algebras /
Guardado en:
| Autor Principal: | |
|---|---|
| Otros Autores: | |
| Formato: | Libro |
| Idioma: | English |
| Publicado: |
New York :
Academic Press,
1983-<c1992.
|
| Series: | Pure and applied mathematics (Academic Press) ;
100-100, 2. |
| Materias: | |
| Etiquetas: |
Agregar Etiqueta
Sin Etiquetas, Sea el primero en etiquetar este registro!
|
| LEADER | 01425cam a2200349 a 4500 | ||
|---|---|---|---|
| 001 | MAT.inmabb003495 | ||
| 008 | 830705m19839999nyu######b####001#0#eng## | ||
| 005 | 20130305120742.0 | ||
| 245 | 1 | 0 | |a Fundamentals of the theory of operator algebras / |c Richard V. Kadison, John R. Ringrose. |
| 260 | |a New York : |b Academic Press, |c 1983-<c1992. | ||
| 300 | |a v. <1-4 > ; |c 24 cm. | ||
| 490 | 1 | |a Pure and applied mathematics ; |v 100-100, 2 (QA3.P8 vol. 100 | |
| 500 | |a Vols. 3-4 lack series statement. | ||
| 500 | |a Vol. 4 has imprint: Cambridge, MA : Birkhäuser Boston. | ||
| 504 | |a Incluye referencias bibliográficas e índices. | ||
| 505 | 1 | |a v. 1. Elementary theory -- v. 2. Advanced theory -- v. 3. Elementary theory, an exercise approach -- v. 4. Special topics -- advanced theory, an exercise approach. | |
| 510 | 4 | |a MR, |c 93g:46052 |3 (v. 4) | |
| 020 | |a 0123933501 (v. 1) | ||
| 020 | |a 0123933013 (v. 1 : cover) | ||
| 020 | |z 0123933021 (v. 2) | ||
| 020 | |a 0817634975 (v. 3) | ||
| 020 | |a 3764334975 (v. 3) | ||
| 020 | |a 0817634983 (v. 4) | ||
| 020 | |a 3764334983 (v. 4) | ||
| 100 | 1 | |a Kadison, Richard V., |d 1925- | |
| 700 | 1 | |a Ringrose, John R. | |
| 830 | 0 | |a Pure and applied mathematics (Academic Press) ; |v 100-100, 2. | |
| 650 | 0 | |a Operator algebras. | |
| 084 | |a 46Lxx (46-01 47-01 47Dxx) |2 msc2000 | ||
| 010 | |a 82013768 | ||
| 040 | |a DLC |c DLC |d DLC | ||
| 859 | |h 46 |i K11 |p A-7596 |v 4 |3 Vol. 4 |b BIB. MATEMATICA | ||
